000 00687nam a2200229Ia 4500
003 OSt
005 20220924113112.0
006 a|||||r|||| 00| 0
007 ta
008 220923b |||||||| |||| 00| 0 eng d
024 _a58785
037 _cDictionary
040 _aARTS
_cARTS
_beng
041 _2eng
_aeng
082 _aP15:4k, 111L7.1,2-;1 (RR)
100 _aGhatage A M ed
245 0 _aEncylopedic dictionary of Sanskrit on historical principles
260 _aPoona
_bDeccan Colledge Postgraduate and Research Ins
_c1977
650 _aLINGUISTICS
942 _hP15:4k, 111L7.1,2-;1 (RR)
_cdic
_2cc
999 _c389233
_d389233